000 00629nam a22002297a 4500
003 UA-OsUOA
001 44786
007 ta
008 20110216b un ||||| |||| 00| 0 ukr d
100 _aАверченко А.
090 _a82-7
_bА19
942 _cBK
040 _aUA-OsUOA
_bukr
_cUA-OsUOA
_dUA-OsUOA
245 _aГуморески
300 _a60 с.
955 _a3
041 _aukr
080 _a82-7
650 7 _a82 Література. Літературознавство
_2UDC
999 _c424887
_d424887